[Event "Russian Women's Higher League 2020"]
[Site "?"]
[Date "2020.10.10"]
[Round "3.5"]
[White "Potapova, Margarita"]
[Black "Vasilevich, Tatjana"]
[Result "1/2-1/2"]
[WhiteElo "2270"]
[BlackElo "2360"]
[PlyCount "125"]
[EventDate "2020.??.??"]

1. d4 Nf6 2. c4 c5 3. d5 b5 4. cxb5 a6 5. bxa6 Bxa6 6. Nc3 Qa5 7. Bd2 Qb6 8.
Qc2 e6 9. e4 exd5 10. Nxd5 Nxd5 11. exd5 Bd6 12. Bxa6 Qxa6 13. Ne2 O-O 14. Be3
f5 15. g3 Qb7 16. Nc3 f4 17. gxf4 Be7 18. O-O d6 19. Rfd1 Nd7 20. a4 Nf6 21.
Ne4 Rfb8 22. Rd2 Qb3 23. Qxb3 Rxb3 24. Nc3 Bd8 25. Re2 Kf7 26. Rd1 Ne8 27. Ne4
h6 28. f5 Rxa4 29. Bf4 Be7 30. Rde1 Rb7 31. Rd1 Rab4 32. Rdd2 R7b6 33. Bg3 Rc4
34. Kg2 Nc7 35. Nc3 Ke8 36. f3 Kd7 37. Re4 Rcb4 38. Rxb4 Rxb4 39. Kf2 Bg5 40.
Re2 Bf6 41. Ne4 Bd4+ 42. Ke1 Rb6 43. Bf2 Bxb2 44. Rd2 Be5 45. Bg3 Bd4 46. Bf2
Nb5 47. Ke2 Ra6 48. Bg3 Ra8 49. Bf4 Rf8 50. Ra2 Rxf5 51. Bxd6 Rxd5 52. Bg3 Nc3+
53. Nxc3 Bxc3 54. Ra6 Bf6 55. Bf4 c4 56. Bxh6 Re5+ 57. Kd1 Rf5 58. Bxg7 Bxg7
59. Ra7+ Kd6 60. Rxg7 Rxf3 61. Rg5 Rh3 62. Kc2 Kc6 63. Rf5 1/2-1/2

[Event "Russian Women's Higher League 2020"]
[Site "?"]
[Date "2020.10.10"]
[Round "3.6"]
[White "Kovalevskaya, Ekaterina"]
[Black "Semenova, Elena"]
[Result "1-0"]
[WhiteElo "2384"]
[BlackElo "2284"]
[PlyCount "77"]
[EventDate "2020.??.??"]

1. Nf3 d5 2. g3 Nf6 3. Bg2 e6 4. O-O Be7 5. c4 O-O 6. b3 b6 7. Bb2 c5 8. cxd5
Nxd5 9. d4 Bb7 10. dxc5 Bxc5 11. Nbd2 Nd7 12. a3 Rc8 13. e4 N5f6 14. Qe2 Be7
15. Rac1 Nc5 16. Rfd1 Ba6 17. Nc4 Qe8 18. Nfd2 Rd8 19. e5 Nd5 20. b4 Na4 21.
Ba1 Rd7 22. Qg4 Kh8 23. Ne4 Bxc4 24. Rxc4 b5 25. Rcc1 a5 26. Nd6 Bxd6 27. exd6
f5 28. Qe2 axb4 29. axb4 Rxd6 30. Bxg7+ Kxg7 31. Qe5+ Kg6 32. Qxd6 Ndc3 33. Re1
Rf6 34. Rc2 Qc8 35. Qe5 Qc4 36. Rec1 Qxb4 37. Rxc3 Nxc3 38. Qxc3 Qxc3 39. Rxc3
1-0

[Event "Russian Women's Higher League 2020"]
[Site "?"]
[Date "2020.10.10"]
[Round "3.7"]
[White "Mironenko, Galina"]
[Black "Dordzhieva, Dinara"]
[Result "1/2-1/2"]
[WhiteElo "2061"]
[BlackElo "2354"]
[PlyCount "100"]
[EventDate "2020.??.??"]

1. e4 c5 2. Nf3 d6 3. d4 cxd4 4. Nxd4 Nf6 5. Nc3 a6 6. g3 e5 7. Nde2 b5 8. Bg2
Nbd7 9. Nd5 Nxd5 10. Qxd5 Nb6 11. Qd3 Be6 12. Be3 Rc8 13. b3 Be7 14. f4 f6 15.
a4 Nd7 16. axb5 axb5 17. Ra7 Rb8 18. Nc3 Nc5 19. Bxc5 dxc5 20. Qxd8+ Bxd8 21.
fxe5 O-O 22. Nd5 fxe5 23. Ne7+ Kh8 24. Nc6 Rc8 25. Ne7 Rc7 26. Rxc7 Bxc7 27.
Rf1 Ra8 28. Nd5 Bd6 29. Kd2 Kg8 30. Bf3 c4 31. bxc4 bxc4 32. Rb1 Bc5 33. Be2
Ra4 34. Rb8+ Bf8 35. Nc3 Rb4 36. Ra8 Kf7 37. Nd5 c3+ 38. Nxc3 Rd4+ 39. Bd3 Bb4
40. Ra7+ Rd7 41. Rxd7+ Bxd7 42. Bc4+ Kf8 43. Kd3 Bh3 44. Ne2 Bf1 45. Ke3 Bc5+
46. Kd2 Ke7 47. Bd3 Bxe2 48. Kxe2 Kf6 49. c3 h6 50. Kf3 Bb6 1/2-1/2

[Event "Russian Women's Higher League 2020"]
[Site "?"]
[Date "2020.10.10"]
[Round "3.8"]
[White "Voit, Daria"]
[Black "Lysenko, Margarita"]
[Result "1-0"]
[WhiteElo "2343"]
[BlackElo "2239"]
[PlyCount "87"]
[EventDate "2020.??.??"]

1. Nf3 Nf6 2. c4 e6 3. g3 a6 4. b3 b5 5. Bg2 Bb7 6. Bb2 c5 7. O-O Be7 8. Nc3 b4
9. Na4 d6 10. d4 cxd4 11. Qxd4 Nbd7 12. Rfd1 O-O 13. Qd2 Rb8 14. Nd4 Bxg2 15.
Kxg2 Qc7 16. f3 Rfd8 17. Nc2 d5 18. cxd5 Nxd5 19. Rac1 Qb7 20. Nd4 Rbc8 21. Nf5
Bf8 22. Rxc8 Rxc8 23. Bxg7 Bxg7 24. Nd6 Qb8 25. Nxc8 Qxc8 26. e4 N5b6 27. Nxb6
Nxb6 28. Qxb4 Bf8 29. Qd2 Qc5 30. Rc1 Qe5 31. Rc6 Qb5 32. Rc7 Qe5 33. Rb7 Bc5
34. Qd8+ Kg7 35. Qc7 Qxc7 36. Rxc7 Bd4 37. Ra7 Kf6 38. f4 Bc5 39. Rxa6 Ke7 40.
a4 Nd7 41. Rc6 Ba7 42. b4 Kd8 43. a5 Nb8 44. Rc4 1-0

[Event "Russian Women's Higher League 2020"]
[Site "?"]
[Date "2020.10.10"]
[Round "3.9"]
[White "Bykova, Anastasia"]
[Black "Garifullina, Leya"]
[Result "0-1"]
[WhiteElo "2215"]
[BlackElo "2335"]
[PlyCount "80"]
[EventDate "2020.??.??"]

1. e4 c5 2. Nf3 d6 3. d4 cxd4 4. Nxd4 Nf6 5. Nc3 a6 6. h3 e5 7. Nb3 Be6 8. f4
g6 9. Be2 Nbd7 10. O-O Rc8 11. f5 gxf5 12. exf5 Qb6+ 13. Kh2 Bc4 14. Bxc4 Rxc4
15. Qe2 Qc7 16. Nd2 Rc6 17. Nde4 Rg8 18. Bf4 Rc4 19. Nxf6+ Nxf6 20. Bg3 Be7 21.
Rad1 Rb4 22. Nd5 Nxd5 23. Rxd5 Rxb2 24. f6 Rxc2 25. Rd2 Rxd2 26. Qxd2 Bd8 27.
h4 Qd7 28. Rf3 e4 29. Rb3 d5 30. Qf4 b5 31. h5 Qg4 32. Qe5+ Qe6 33. Qb8 Qxf6
34. Qa8 Rg5 35. Bh4 Rxh5 36. g3 Qd6 37. Kg2 f6 38. Rc3 Rf5 39. Rc6 Qa3 40. Rxa6
Qf3+ 0-1

[Event "Russian Women's Higher League 2020"]
[Site "?"]
[Date "2020.10.10"]
[Round "3.10"]
[White "Kovanova, Baira"]
[Black "Miroshnik, Ekaterina"]
[Result "1-0"]
[WhiteElo "2324"]
[BlackElo "2104"]
[PlyCount "129"]
[EventDate "2020.??.??"]

1. d4 d5 2. Nf3 c6 3. c4 Nf6 4. Nc3 e6 5. e3 Be7 6. Qc2 O-O 7. Bd3 Nbd7 8. O-O
b6 9. b3 Bb7 10. Rd1 Rc8 11. e4 dxe4 12. Nxe4 Nxe4 13. Bxe4 Nf6 14. Bd3 Qc7 15.
c5 g6 16. Bg5 Rfd8 17. b4 Nd5 18. Bxe7 Qxe7 19. a3 Ra8 20. Ne5 b5 21. Qd2 a6
22. Be4 f6 23. Nf3 Bc8 24. Re1 Qf7 25. h3 Bd7 26. Bc2 Ra7 27. Bb3 a5 28. bxa5
Rda8 29. Qb2 Rxa5 30. Nd2 Nf4 31. Re3 Nd5 32. Rf3 Rf8 33. Ne4 f5 34. Re1 Qg7
35. Nd6 Nc7 36. Re5 Kh8 37. h4 Ra7 38. Rg3 Qf6 39. Rh3 Rfa8 40. Ba2 Rf8 41. f4
Raa8 42. Bb3 Qg7 43. Rhe3 Ra7 44. Rg3 Qf6 45. h5 Nd5 46. Bxd5 cxd5 47. hxg6
hxg6 48. Rh3+ Kg8 49. Qe2 Ra4 50. Rd3 Ra6 51. Rc3 b4 52. Rc1 Rxa3 53. c6 Bc8
54. Nxc8 Rxc8 55. Rxe6 Qf7 56. Re7 Qf6 57. c7 Raa8 58. Qe3 b3 59. Rb1 b2 60.
Re6 Qf7 61. Rxb2 Rxc7 62. Rbb6 Ra1+ 63. Kf2 Qh7 64. Rxg6+ Kf8 65. Rb8+ 1-0

[Event "Russian Women's Higher League 2020"]
[Site "?"]
[Date "2020.10.10"]
[Round "3.11"]
[White "Goltseva, Ekaterina"]
[Black "Kochukova, Anna"]
[Result "1-0"]
[WhiteElo "2294"]
[BlackElo "2093"]
[PlyCount "91"]
[EventDate "2020.??.??"]

1. d4 Nf6 2. c4 e6 3. Nc3 Bb4 4. e3 d5 5. Nf3 O-O 6. Bd3 b6 7. O-O Bb7 8. cxd5
exd5 9. Ne5 Nbd7 10. f4 Ne4 11. Nxe4 dxe4 12. Bc4 Bd6 13. Qb3 Qe7 14. Bd2 c5
15. a4 Rac8 16. Rac1 Nf6 17. Bc3 cxd4 18. Bxd4 Nd7 19. Nxd7 Qxd7 20. f5 Bc5 21.
Rcd1 Qc7 22. Bxc5 Qxc5 23. Rd4 Rc7 24. Qd1 Qe5 25. b3 h6 26. Qg4 Qf6 27. Qf4
Rc5 28. Rd6 Qe5 29. Qxe5 Rxe5 30. f6 Bc8 31. Rc6 Be6 32. fxg7 Kxg7 33. Bxe6
Rxe6 34. Rxe6 fxe6 35. Rxf8 Kxf8 36. g4 Ke7 37. h4 Kd6 38. Kf2 Ke5 39. Ke2 Kd6
40. Kd2 e5 41. Kc3 Kd5 42. g5 hxg5 43. hxg5 Ke6 44. Kc4 Kf5 45. Kd5 Kxg5 46.
Kxe5 1-0

[Event "Russian Women's Higher League 2020"]
[Site "?"]
[Date "2020.10.10"]
[Round "3.13"]
[White "Schepetkova, Margarita"]
[Black "Komissarova, Soigina"]
[Result "1-0"]
[WhiteElo "2257"]
[BlackElo "1780"]
[PlyCount "79"]
[EventDate "2020.??.??"]

1. Nf3 d5 2. c4 e6 3. g3 c5 4. cxd5 exd5 5. d4 c4 6. Bg2 Nf6 7. Nc3 Be7 8. O-O
O-O 9. b3 Bb4 10. Bd2 Qe7 11. a3 Bxc3 12. Bxc3 a5 13. bxc4 Ne4 14. Bb2 dxc4 15.
Ne5 c3 16. Bc1 Nd6 17. Qd3 Rd8 18. a4 f6 19. Nf3 Bf5 20. Qxc3 Qxe2 21. Nh4 Qc2
22. Qc5 Bd3 23. Re1 Na6 24. Qxa5 Nc4 25. Qh5 Nb4 26. Re7 Bg6 27. Nxg6 hxg6 28.
Qg4 Ra6 29. Be4 f5 30. Bxc2 fxg4 31. Bb3 Rc6 32. Rxb7 Nd5 33. Bg5 Rdd6 34. Rc1
Na5 35. Rxc6 Nxc6 36. Rb5 Nxd4 37. Rxd5 Nf3+ 38. Kg2 Rxd5 39. Bxd5+ Kf8 40.
Bxf3 1-0

[Event "Russian Women's Higher League 2020"]
[Site "?"]
[Date "2020.10.10"]
[Round "3.14"]
[White "Gorovenko, Darya"]
[Black "Bodnaruk, Anastasia"]
[Result "0-1"]
[WhiteElo "2120"]
[BlackElo "2428"]
[PlyCount "184"]
[EventDate "2020.??.??"]

1. d4 Nf6 2. c4 g6 3. Nc3 Bg7 4. e4 d6 5. Be2 O-O 6. Bg5 Na6 7. Qd2 e5 8. d5
Qe8 9. Bd1 Nc5 10. f3 a5 11. Be3 Nh5 12. Nge2 f5 13. Bc2 Bd7 14. O-O-O Ra6 15.
Rde1 a4 16. Ng3 f4 17. Bxc5 dxc5 18. Nxh5 gxh5 19. Qe2 Ra5 20. a3 Kh8 21. Kb1
Bf6 22. Rc1 Rg8 23. Rhd1 Be7 24. Rd2 Rg7 25. Bd3 Ra6 26. Qd1 Qg8 27. Bf1 Qd8
28. Ka2 Qa8 29. Nb5 Bd6 30. Qc2 Qd8 31. Qd1 Qh4 32. h3 Qd8 33. Qc2 Rg6 34. Qd1
Qe8 35. Qc2 Ra5 36. Qc3 b6 37. Qc2 Rg8 38. Nc3 h6 39. Qd1 Kh7 40. Qc2 Rg6 41.
Qd1 Qe7 42. Qe1 Ra8 43. Rcc2 Rag8 44. Rc1 Rg3 45. Ne2 Rxg2 46. Bxg2 Rxg2 47.
Ng1 Rg3 48. Qf1 Qg7 49. Rh2 Rg6 50. Rd1 Qg8 51. Rc1 b5 52. cxb5 Qb8 53. Ka1
Bxb5 54. Ne2 Bd7 55. Rh1 Qb3 56. Rg1 Rxg1 57. Nxg1 Bb5 58. Qd1 Qe3 59. Qe1 Bd3
60. Qxe3 fxe3 61. Re1 c4 62. Rxe3 Bc5 63. Re1 Bf2 64. Rd1 Kg6 65. h4 Bxh4 66.
Nh3 Bg3 67. b3 axb3 68. Kb2 Bh4 69. a4 Be2 70. Rg1+ Kf7 71. a5 Be7 72. a6 Bc5
73. Kc3 Bd4+ 74. Kd2 c3+ 75. Kxe2 Bxg1 76. Nxg1 b2 77. a7 b1=Q 78. a8=Q Qxg1
79. Qc6 Qg2+ 80. Ke1 Qxf3 81. Qe6+ Kg7 82. Qxe5+ Kg6 83. Qe6+ Kg5 84. Qe5+ Kg4
85. Qe6+ Kg3 86. Qe5+ Kg2 87. Qg7+ Kh1 88. Qxc7 Qxe4+ 89. Kf2 c2 90. Qg3 Qf5+
91. Ke2 c1=Q 92. Qh4+ Kg2 0-1

[Event "Russian Women's Higher League 2020"]
[Site "?"]
[Date "2020.10.10"]
[Round "3.15"]
[White "Bivol, Alina"]
[Black "Garmash, Aliona"]
[Result "1-0"]
[WhiteElo "2393"]
[BlackElo "2093"]
[PlyCount "59"]
[EventDate "2020.??.??"]

1. e4 g6 2. d4 Bg7 3. Nc3 d6 4. g3 Nf6 5. Bg2 c6 6. h3 Nbd7 7. a4 e5 8. Be3 O-O
9. Nge2 Qe7 10. O-O Rd8 11. g4 Nf8 12. d5 Bd7 13. Qd2 Rdc8 14. f4 exf4 15. Bxf4
c5 16. e5 Ne8 17. exd6 Nxd6 18. Rae1 Nc4 19. Qc1 Re8 20. Ng3 Bd4+ 21. Kh1 Qh4
22. Nce4 Bxb2 23. Qd1 h6 24. c3 b5 25. Qf3 Kh8 26. Bg5 hxg5 27. Qf6+ Kh7 28.
Qxf7+ Kh8 29. Nf6 Nh7 30. Ngh5 1-0

[Event "Russian Women's Higher League 2020"]
[Site "?"]
[Date "2020.10.10"]
[Round "3.16"]
[White "Makarova, Olga"]
[Black "Getman, Tatyana"]
[Result "0-1"]
[WhiteElo "1875"]
[BlackElo "2271"]
[PlyCount "50"]
[EventDate "2020.??.??"]

1. c4 e6 2. Nf3 d5 3. g3 dxc4 4. Bg2 a6 5. a4 Nd7 6. Na3 Nb6 7. a5 Nd5 8. Nxc4
Ngf6 9. O-O Be7 10. Re1 O-O 11. e4 Nb4 12. d4 b5 13. axb6 cxb6 14. h4 Bb7 15.
e5 Ne8 16. h5 Rc8 17. Ne3 Nc7 18. h6 g6 19. Ng4 Nb5 20. Re2 Bxf3 21. Bxf3 Nxd4
22. Rd2 Nxf3+ 23. Qxf3 Rxc1+ 24. Rxc1 Qxd2 25. Rc7 Bg5 0-1

[Event "Russian Women's Higher League 2020"]
[Site "?"]
[Date "2020.10.10"]
[Round "3.18"]
[White "Ovod, Evgenija"]
[Black "Charochkina, Daria"]
[Result "0-1"]
[WhiteElo "2372"]
[BlackElo "2356"]
[PlyCount "76"]
[EventDate "2020.??.??"]

1. e4 c5 2. c3 b6 3. d4 Bb7 4. Bd3 Nf6 5. Nd2 e6 6. Ngf3 d5 7. exd5 Qxd5 8. O-O
Nc6 9. Bc4 Qf5 10. Nb3 Bd6 11. dxc5 Bc7 12. cxb6 axb6 13. Nbd4 Nxd4 14. Nxd4
Qe5 15. f4 Qc5 16. Qe2 O-O 17. b4 Qe7 18. Nf5 Qe8 19. Bb5 Qd8 20. Ne3 e5 21. f5
e4 22. Bb2 h5 23. a3 Qd6 24. g3 h4 25. Rad1 Qe7 26. gxh4 Rad8 27. c4 Rd3 28.
Ng4 Nxg4 29. Qxg4 f6 30. c5 Rfd8 31. Bxd3 Rxd3 32. Rxd3 exd3 33. Qc4+ Kh8 34.
Qxd3 bxc5 35. Rc1 c4 36. Qd2 Qe4 37. Bxf6 Bb6+ 38. Kf1 Qh1+ 0-1

[Event "Russian Women's Higher League 2020"]
[Site "?"]
[Date "2020.10.11"]
[Round "4.1"]
[White "Grigorieva, Yulia"]
[Black "Gunina, Valentina"]
[Result "0-1"]
[WhiteElo "2237"]
[BlackElo "2431"]
[PlyCount "66"]
[EventDate "2020.??.??"]

1. e4 c6 2. d4 d5 3. e5 Bf5 4. Nf3 e6 5. Be2 Nd7 6. O-O Ne7 7. Nh4 Be4 8. Nd2
Nf5 9. Nxf5 Bxf5 10. g4 Bg6 11. f4 f6 12. f5 Bf7 13. Nf3 Qb6 14. a4 fxe5 15. a5
Qc7 16. Ng5 exf5 17. gxf5 Nf6 18. dxe5 Bc5+ 19. Kh1 Qxe5 20. Bf4 Qe7 21. Bd3
O-O 22. Re1 Ne4 23. Nxe4 dxe4 24. Bxe4 Rae8 25. Bg2 Qf6 26. Qd7 Rd8 27. Qc7
Qxf5 28. Be5 Rd7 29. Be4 Qxe4+ 30. Rxe4 Rxc7 31. c4 Re7 32. h4 Rfe8 33. Rae1
Bd6 0-1

[Event "Russian Women's Higher League 2020"]
[Site "?"]
[Date "2020.10.11"]
[Round "4.2"]
[White "Gritsayeva, Oksana"]
[Black "Guseva, Marina"]
[Result "1/2-1/2"]
[WhiteElo "2373"]
[BlackElo "2377"]
[PlyCount "162"]
[EventDate "2020.??.??"]

1. e4 c6 2. Nf3 d5 3. d3 dxe4 4. dxe4 Qxd1+ 5. Kxd1 Bg4 6. Be2 Nd7 7. Ne1 Bxe2+
8. Kxe2 e6 9. f3 f5 10. Be3 Ngf6 11. Nd2 fxe4 12. fxe4 Bd6 13. Nd3 Bc7 14. a4
a6 15. Rad1 O-O 16. Bd4 Rf7 17. g3 Raf8 18. Rhf1 h6 19. Rf3 Ng4 20. h3 Nge5 21.
Bxe5 Nxe5 22. Rxf7 Rxf7 23. g4 Ng6 24. Rf1 Re7 25. Nf3 Nf4+ 26. Nxf4 Bxf4 27.
Rd1 Bc7 28. c3 Kf7 29. b4 Ke8 30. Rb1 Bf4 31. Ne1 Be5 32. Rb3 g6 33. Nd3 Bc7
34. Rb1 Rf7 35. Rd1 b6 36. Ke3 Ke7 37. c4 Rf8 38. e5 Rd8 39. Rf1 Rf8 40. Rc1
Ra8 41. Ke4 a5 42. c5 bxc5 43. Rxc5 Kd7 44. Rc4 Bb6 45. bxa5 Bxa5 46. Nc5+ Ke7
47. Nb3 Bd8 48. Nd4 c5 49. Nb3 Bb6 50. a5 Ba7 51. Rc3 Rc8 52. Kd3 Kd7 53. Kc4
Kc6 54. Rd3 Bb8 55. Re3 Bc7 56. Nxc5 Bxa5 57. Nxe6 Kd7+ 58. Kd5 Rb8 59. Nc5+
Ke7 60. Ra3 Rb5 61. Ra2 Bb6 62. Rc2 Ra5 63. Rc3 h5 64. g5 h4 65. Rc4 Ba7 66.
Kc6 Bxc5 67. Rxc5 Ra3 68. Kd5 Rd3+ 69. Ke4 Rxh3 70. Rc7+ Kf8 71. e6 Rh1 72. Ke5
h3 73. Rc8+ Ke7 74. Rc7+ Ke8 75. Rc8+ Ke7 76. Rc7+ Kd8 77. Rc2 h2 78. Re2 Ke7
79. Ke4 Kxe6 80. Kf3+ Kf5 81. Kg2 Ra1 1/2-1/2

[Event "Russian Women's Higher League 2020"]
[Site "?"]
[Date "2020.10.11"]
[Round "4.3"]
[White "Belenkaya, Dina"]
[Black "Kovalevskaya, Ekaterina"]
[Result "0-1"]
[WhiteElo "2297"]
[BlackElo "2384"]
[PlyCount "98"]
[EventDate "2020.??.??"]

1. e4 c5 2. Nf3 Nc6 3. Bb5 g6 4. O-O Bg7 5. c3 Nf6 6. Re1 O-O 7. d4 d5 8. e5
Ne4 9. Be3 cxd4 10. cxd4 Qb6 11. Bxc6 bxc6 12. Qc1 f6 13. Nc3 Nxc3 14. Qxc3 Rb8
15. b3 Bg4 16. Nd2 Rfd8 17. Bf4 Rbc8 18. b4 Rf8 19. Nb3 h5 20. h3 Bf5 21. Nc5
Qb5 22. e6 g5 23. Bh2 Qc4 24. Qd2 Qc2 25. Qxc2 Bxc2 26. Rac1 Bg6 27. Rc3 Bh6
28. Ra3 Ra8 29. Ra6 g4 30. Re2 gxh3 31. Rxc6 hxg2 32. Rc7 Rfe8 33. Kxg2 Bf5 34.
b5 Kh8 35. f3 Rg8+ 36. Kf2 Rg7 37. Ke1 Rag8 38. Rxa7 Rg2 39. Rxg2 Rxg2 40. Bc7
Rb2 41. b6 Rb1+ 42. Kf2 Rb2+ 43. Kg3 h4+ 44. Kxh4 Rg2 45. f4 Kh7 46. Ne4 dxe4
47. Ra5 Bg5+ 48. fxg5 fxg5+ 49. Kh5 Bg6# 0-1

[Event "Russian Women's Higher League 2020"]
[Site "?"]
[Date "2020.10.11"]
[Round "4.4"]
[White "Vasilevich, Tatjana"]
[Black "Goltseva, Ekaterina"]
[Result "0-1"]
[WhiteElo "2360"]
[BlackElo "2294"]
[PlyCount "89"]
[EventDate "2020.??.??"]

1. d4 Nf6 2. Bg5 Ne4 3. Bf4 d5 4. e3 e6 5. Bd3 Nf6 6. Nf3 Be7 7. Nbd2 Nbd7 8.
c3 c5 9. Ne5 Nxe5 10. dxe5 Nd7 11. Bg3 Qc7 12. f4 c4 13. Bc2 Qb6 14. O-O Qxe3+
15. Kh1 g6 16. Nf3 Qb6 17. b3 cxb3 18. axb3 Nc5 19. Bf2 Qc7 20. Nd4 Bd7 21. Qd2
a6 22. Rfe1 Rc8 23. Qe3 b5 24. Rec1 Qb7 25. Be1 Bd8 26. Bd2 a5 27. b4 axb4 28.
cxb4 Na4 29. f5 gxf5 30. Qh6 Be7 31. Qg7 Rf8 32. Qxh7 Rc4 33. Nf3 Rg4 34. Bh6
Rfg8 35. h4 Bxh4 36. Bg5 R8xg5 37. Bxf5 exf5 38. e6 Bxe6 39. Nd4 Bf2 40. Nf3
Rg7 41. Qh8+ Rg8 42. Qe5 Bg3 43. Qf6 Qe7 44. Qh6 Bf4 45. Ng1 0-1

[Event "Russian Women's Higher League 2020"]
[Site "?"]
[Date "2020.10.11"]
[Round "4.5"]
[White "Shafigullina, Zarina"]
[Black "Voit, Daria"]
[Result "1/2-1/2"]
[WhiteElo "2296"]
[BlackElo "2343"]
[PlyCount "80"]
[EventDate "2020.??.??"]

1. d4 d5 2. Nf3 Nf6 3. g3 g6 4. Bg2 Bg7 5. c4 c6 6. b3 O-O 7. O-O Bf5 8. Nc3
Ne4 9. Bb2 Nxc3 10. Bxc3 Be4 11. Qd2 a5 12. Bh3 Bxf3 13. exf3 e6 14. Rab1 Qc7
15. Rfc1 Rd8 16. f4 Nd7 17. Bg2 Nf6 18. Qe1 Rd7 19. Bb2 a4 20. c5 axb3 21. axb3
b5 22. Ra1 Qb8 23. b4 Ra4 24. Rxa4 bxa4 25. Ra1 Ra7 26. Bf1 Ne8 27. Bc3 Nc7 28.
Qd1 Nb5 29. Bxb5 Qxb5 30. Qf1 Kf8 31. Qxb5 cxb5 32. Kf1 f5 33. Ke2 Bf6 34. h4
h5 35. Kd3 Kf7 36. Rc1 Ra6 37. Ra1 Ra7 38. Rc1 Ra6 39. Ra1 Ra7 40. Rc1 Ra6
1/2-1/2

[Event "Russian Women's Higher League 2020"]
[Site "?"]
[Date "2020.10.11"]
[Round "4.6"]
[White "Garifullina, Leya"]
[Black "Potapova, Margarita"]
[Result "1-0"]
[WhiteElo "2335"]
[BlackElo "2270"]
[PlyCount "151"]
[EventDate "2020.??.??"]

1. e4 c5 2. Nf3 d6 3. Bb5+ Nd7 4. a4 Ngf6 5. Nc3 g6 6. a5 a6 7. Be2 Bg7 8. O-O
O-O 9. Re1 e5 10. d3 Nb8 11. Nd5 Be6 12. Nb6 Ra7 13. Ng5 Nc6 14. Bd2 Qc7 15.
Qb1 Nd7 16. Nxe6 fxe6 17. Nc4 d5 18. Ne3 Qd6 19. Qc1 Raa8 20. Ng4 Nf6 21. c3
Rac8 22. Rf1 Nh5 23. g3 Nf6 24. Bh6 Nxg4 25. Bxg4 Rce8 26. h4 Qc7 27. Bxe6+
Rxe6 28. exd5 Nxa5 29. Bxg7 Kxg7 30. dxe6 Nb3 31. Qg5 Nxa1 32. Rxa1 Rf5 33. Qe3
Kf6 34. Re1 h5 35. d4 cxd4 36. cxd4 Kxe6 37. f4 Qc4 38. dxe5 Rf7 39. Qb6+ Qc6
40. Qxc6+ bxc6 41. Rd1 Rb7 42. Rd6+ Kf5 43. Kg2 Rxb2+ 44. Kh3 Rc2 45. Rf6+ Ke4
46. Rxg6 Kf3 47. Rd6 c5 48. Rd3+ Ke4 49. Rd1 Re2 50. e6 c4 51. e7 Kf5 52. Rc1
Rxe7 53. Rxc4 Rf7 54. Rc5+ Kg6 55. Ra5 Rf6 56. Kg2 Rb6 57. Ra3 Kf5 58. Kf3 Kf6
59. g4 hxg4+ 60. Kxg4 Kg6 61. h5+ Kh6 62. Ra4 Rc6 63. f5 Rb6 64. Re4 Kg7 65.
Kg5 Kf7 66. Rc4 Rb7 67. Rc6 a5 68. Ra6 Kg7 69. Rxa5 Rc7 70. h6+ Kh7 71. f6 Rb7
72. Re5 Kg8 73. Re8+ Kf7 74. Re7+ Rxe7 75. fxe7 Kxe7 76. h7 1-0

[Event "Russian Women's Higher League 2020"]
[Site "?"]
[Date "2020.10.11"]
[Round "4.7"]
[White "Yakimova, Mariya"]
[Black "Kovanova, Baira"]
[Result "0-1"]
[WhiteElo "2269"]
[BlackElo "2324"]
[PlyCount "92"]
[EventDate "2020.??.??"]

1. d4 Nf6 2. c4 c5 3. d5 b5 4. cxb5 a6 5. bxa6 g6 6. Nc3 Bxa6 7. Nf3 d6 8. e4
Bxf1 9. Kxf1 Bg7 10. g3 O-O 11. Kg2 Qb6 12. Re1 Na6 13. Nd2 Nb4 14. Nc4 Qa6 15.
Qe2 Rfb8 16. a4 Nd7 17. Ra3 Nc2 18. Qxc2 Qxc4 19. f4 Bxc3 20. bxc3 Ra5 21. Qe2
Nb6 22. f5 Rba8 23. Bg5 Qxe2+ 24. Rxe2 f6 25. Bh6 Nc4 26. Rb3 Rxa4 27. Rb7 Kf7
28. h4 Ne5 29. Bf4 Ra2 30. Rxa2 Rxa2+ 31. Kh3 Ra4 32. Bxe5 fxe5 33. fxg6+ hxg6
34. Kg4 Rxe4+ 35. Kg5 Re3 36. g4 Rxc3 37. h5 gxh5 38. gxh5 Rg3+ 39. Kf5 Rh3 40.
Kg5 Rg3+ 41. Kf5 e4 42. Rb1 Rd3 43. Kg5 Kg7 44. h6+ Kh7 45. Kf5 Rxd5+ 46. Ke6
Re5+ 0-1

[Event "Russian Women's Higher League 2020"]
[Site "?"]
[Date "2020.10.11"]
[Round "4.8"]
[White "Nasyrova, Ekaterina"]
[Black "Solozhenkina, Elizaveta"]
[Result "1/2-1/2"]
[WhiteElo "2171"]
[BlackElo "2301"]
[PlyCount "121"]
[EventDate "2020.??.??"]

1. Nf3 Nc6 2. d4 d5 3. c4 Bg4 4. Nc3 e6 5. cxd5 exd5 6. Bf4 Bb4 7. e3 Nge7 8.
Rc1 O-O 9. Be2 Ng6 10. Bg3 f5 11. O-O Bxc3 12. Rxc3 f4 13. exf4 Nxf4 14. Bb5
Ne7 15. Re1 Neg6 16. Qb3 c6 17. Bf1 Bxf3 18. Rxf3 Qd7 19. Rfe3 Rf7 20. Qc2 Raf8
21. b4 a6 22. a4 Nh5 23. Bd3 Qg4 24. Bxg6 hxg6 25. Be5 Rxf2 26. Qxf2 Rxf2 27.
Kxf2 Nf4 28. g3 Ne6 29. Kg2 Qf5 30. Rc1 Kh7 31. h4 g5 32. hxg5 Nxg5 33. b5 axb5
34. axb5 Ne4 35. Rh1+ Kg6 36. Rf3 Qg5 37. Bf4 Qf6 38. Be5 Qg5 39. Bf4 Qf6 40.
Be5 Qe6 41. Rh8 c5 42. Rff8 cxd4 43. Bxd4 Qg4 44. Rf3 Ng5 45. Rf4 Qe2+ 46. Bf2
Qxb5 47. Rhh4 Ne6 48. Rb4 Qe2 49. Rb6 Kf5 50. Rxb7 d4 51. Rb1 d3 52. Re1 Qc2
53. Rhe4 Qc6 54. g4+ Kf6 55. Kf1 Ng5 56. Bh4 d2 57. Re6+ Qxe6 58. Rxe6+ Kxe6
59. Ke2 Ne4 60. Bd8 g5 61. Bxg5 1/2-1/2

[Event "Russian Women's Higher League 2020"]
[Site "?"]
[Date "2020.10.11"]
[Round "4.9"]
[White "Bodnaruk, Anastasia"]
[Black "Schepetkova, Margarita"]
[Result "0-1"]
[WhiteElo "2428"]
[BlackElo "2257"]
[PlyCount "80"]
[EventDate "2020.??.??"]

1. e4 c5 2. Nf3 e6 3. d4 cxd4 4. Nxd4 Nc6 5. Nc3 Qc7 6. Be2 a6 7. Be3 Nf6 8.
O-O Bb4 9. Na4 Be7 10. c4 Nxe4 11. Bf3 Ng5 12. c5 O-O 13. Rc1 Rb8 14. Bxc6 bxc6
15. f4 Ne4 16. f5 e5 17. Ne2 a5 18. Qc2 Nf6 19. Bg5 Ba6 20. Rfd1 Rb4 21. b3 Re8
22. Ng3 Nd5 23. Bxe7 Rxe7 24. Rxd5 cxd5 25. f6 Re6 26. Nf5 Rxf6 27. Ne7+ Kf8
28. Nxd5 Qc6 29. Nab6 Rxb6 30. Nxf6 Rb4 31. Nxh7+ Kg8 32. Ng5 Rg4 33. Qd2 Bb7
34. Rc2 Qg6 35. c6 Bxc6 36. h4 Rxh4 37. Rc4 Rh5 38. Rg4 f6 39. Qd6 Rxg5 40.
Qb8+ Kf7 0-1

[Event "Russian Women's Higher League 2020"]
[Site "?"]
[Date "2020.10.11"]
[Round "4.10"]
[White "Semenova, Elena"]
[Black "Bivol, Alina"]
[Result "1/2-1/2"]
[WhiteElo "2284"]
[BlackElo "2393"]
[PlyCount "128"]
[EventDate "2020.??.??"]

1. e4 e6 2. d4 d5 3. Nc3 Bb4 4. e5 c5 5. a3 Bxc3+ 6. bxc3 Ne7 7. Nf3 b6 8. a4
Ba6 9. Bb5+ Bxb5 10. axb5 Qd7 11. Rb1 O-O 12. h4 f6 13. exf6 Rxf6 14. Ne5 Qc7
15. Bg5 Rf5 16. g4 Rf8 17. Rh3 a6 18. bxa6 Nec6 19. Nxc6 Nxc6 20. dxc5 bxc5 21.
Qe2 e5 22. h5 h6 23. Bc1 Qc8 24. Rg3 Rxa6 25. g5 hxg5 26. Rxg5 Rf6 27. Qg4 Qxg4
28. Rxg4 Kf8 29. Bg5 Re6 30. Rb7 Ra7 31. Rb5 Ra5 32. Rb7 d4 33. Bh4 Ra1+ 34.
Kd2 Rh1 35. Bg3 Ne7 36. Rg5 e4 37. Rxc5 e3+ 38. Ke2 exf2+ 39. Kxf2 dxc3 40. Kg2
Rd1 41. Rxc3 Rd2+ 42. Kh3 Kg8 43. Rc5 Rde2 44. c4 R6e3 45. Rg5 Kf7 46. c5 Kf6
47. Rg4 Rc2 48. Rc7 Kf7 49. Rg6 Rec3 50. Rg5 Kf6 51. Rg4 Re3 52. c6 Kf7 53.
Rf4+ Ke8 54. Rg4 Kf7 55. Rg6 Kf8 56. Rxe7 Kxe7 57. Rxg7+ Kf6 58. Rg6+ Kf5 59.
Rd6 Rcc3 60. Rg6 Rc2 61. Kh4 Rc4+ 62. Kh3 Rc2 63. Rd6 Rcc3 64. Rg6 Rc2 1/2-1/2